Nad hrobom.

Bibliographic Details
Main Author: Podjavorinská, Ľudmila, 1872-1951 (Author)
Format: Article
Language:Slovak

MARC

LEADER 00000nab a2200000uu 4500
001 vtls011516005
003 SK-MaSNL
005 20260515034702.0
008 180924|1893 xo |||||||||||||||||slo|
015 |a SNBRB 
035 |a (urnnbn)urn:nbn:sk:snk:ar-001mud 
035 |a (uuid)a4be3aa4-7fcf-4443-b889-0750918bd63d 
035 |a urn:nbn:sk:snk-abe5j1 
040 |a SNKBUCL  |b slo  |c SNKBUCL  |e AACR2 
041 0 |a slo 
044 |a xo  |c SK 
100 1 |a Podjavorinská, Ľudmila,  |d 1872-1951  |4 aut  |9 91301 
245 1 0 |a Nad hrobom.  |c Ľudmila Podjavorinská 
773 0 |t Slovenské pohľady  |g Roč. 13, č. 5 (1893), s. [249]-264 
958 |a ONDV 
958 |a article21 
999 |c 3130438  |d 3132368